Electroquímica (Registro nro. 66153)

Detalles MARC
000 -LEADER
campo de control de longitud fija 00586nam a2200169 i 4500
001 - NÚMERO DE CONTROL
campo de control 66153
003 - IDENTIFICADOR DE NÚMERO DE CONTROL
campo de control ES-MaACL
005 - FECHA Y HORA DE LA ÚLTIMA TRANSACCIÓN
campo de control 20230906165544.0
007 - CAMPO FIJO DE DESCRIPCIÓN FÍSICA--INFORMACIÓN GENERAL
campo de control de longitud fija t|
008 - DATOS DE LONGITUD FIJA--INFORMACIÓN GENERAL
campo de control de longitud fija 040128s1941 sp ||||1| spa d
100 1# - ENTRADA PRINCIPAL--NOMBRE DE PERSONA
Nombre de persona Gaertner, Victor.
9 (RLIN) 53203
245 10 - MENCIÓN DEL TÍTULO
Título Electroquímica
Resto del título : un libro de enseñanza y de orientación para estudiantes, técnicos y fabricantes /
Mención de responsabilidad, etc. Victor Gaertner ; traducida por José Ibarz.
260 ## - PUBLICACIÓN, DISTRIBUCIÓN, ETC.
Lugar de publicación, distribución, etc. Barcelona :
Nombre del editor, distribuidor, etc. [s.n.],
Fecha de publicación, distribución, etc. 1941 (
Fabricante Clarasó)
300 ## - DESCRIPCIÓN FÍSICA
Extensión XVI, 460 p. :
Otras características físicas il. ;
Dimensiones 24 cm.
700 1# - ENTRADA AGREGADA--NOMBRE PERSONAL
Nombre de persona Ibarz, José.
9 (RLIN) 64980
852 ## - LOCALIZACIÓN
Ubicación ES-MaACL
Número de control de estantería F-15216
Sublocalización o colección R.18866
Existencias
Estatus retirado Estado de pérdida Estado de daño No para préstamo Biblioteca de origen Biblioteca actual Ubicación en estantería Fecha de adquisición Fuente de adquisición Total de préstamos Signatura topográfica completa Código de barras Visto por última vez Precio de reemplazo Tipo de ítem Koha
        Biblioteca del Ateneo de Madrid Biblioteca del Ateneo de Madrid Sala Pecera Planta 2 17/01/2008     F-15216 1069311 23/02/2023 23/02/2023 Libro impreso